En quelle année est sorti ce film ? - Erreurs éliminatoires - Statistiques

Statistiques générales
  • Ce quiz a été pris 193 fois
  • Le résultat moyen est 12 sur 21
Statistiques - réponses
Film Année % Correct
Le Comte de Monte-Cristo 2024
94%
Titanic 1997
93%
Intouchables 2011
89%
Barbie 2023
82%
La La Land 2016
80%
Moi Moche et Méchant 2010
76%
Les Visiteurs 1993
71%
Bienvenue chez les Ch'tis 2008
70%
Léon 1994
62%
Charlie et la Chocolaterie 2005
61%
Fast and the Furious 2001
59%
Les Dents de la mer 1975
53%
La Grande Vadrouille 1966
52%
Dirty Dancing 1987
52%
Le Cercle des poètes disparus 1989
50%
Le Dîner de cons 1998
50%
L'Exorciste 1973
37%
James Bond 007 contre Dr. No 1962
30%
La Dolce Vita 1960
29%
Bambi 1942
27%
Paris, Texas 1984
27%
Aucun quiz correspondant
Distribution des résultats
% des personnes avec chaque résultat
Percentile par nombre de réponses
Votre historique - résultats
Vous n’avez pas pris ce quiz